000 00602nam a2200205 a 4500
001 0001-1522
003 ELIB.Books
008 170519 2010 eng
020 _a0826141617
092 _a616.89
_bWor
100 _aWorden, J. William
245 _aGrief Counseling and Grief Therapy
_bA Handbook for the Mental Health Practitioner
250 _aSecond Edition
260 _aNew York
_bSpringer Publishing Company
_c1991
300 _a183
_c20.6 cm
650 _aPsychotherapy Method
942 _2ddc
_cBK
998 _aEnglishbooks.elf
_ccat
_e2017-05-19
999 _c11522
_d11522